<?xml version="1.0" encoding="UTF-8"?>
<record
    xmlns:xsi="http://www.w3.org/2001/XMLSchema-instance"
    xsi:schemaLocation="http://www.loc.gov/MARC21/slim http://www.loc.gov/standards/marcxml/schema/MARC21slim.xsd"
    xmlns="http://www.loc.gov/MARC21/slim">

  <leader>00999nam a22001817a 4500</leader>
  <controlfield tag="001">10100</controlfield>
  <controlfield tag="003">FISKH</controlfield>
  <controlfield tag="005">20260408104458.0</controlfield>
  <controlfield tag="008">260408b        cb ||||| |||| 00| 0 eng d</controlfield>
  <datafield tag="020" ind1=" " ind2=" ">
    <subfield code="a">9787511046604</subfield>
  </datafield>
  <datafield tag="040" ind1=" " ind2=" ">
    <subfield code="a">FISKH</subfield>
    <subfield code="b">chi</subfield>
    <subfield code="c">FISKH</subfield>
    <subfield code="d">FISKH</subfield>
  </datafield>
  <datafield tag="100" ind1=" " ind2=" ">
    <subfield code="a">&#x5BAB;&#x897F;&#x8FBE;&#x4E5F;</subfield>
  </datafield>
  <datafield tag="245" ind1=" " ind2=" ">
    <subfield code="a">&#x378E;&#x378E; / </subfield>
    <subfield code="c">By &#x5BAB;&#x897F;&#x8FBE;&#x4E5F;</subfield>
  </datafield>
  <datafield tag="300" ind1=" " ind2=" ">
    <subfield code="a">24&#x200B;&#x200B; unnumbered pages : </subfield>
    <subfield code="b">color illustrations ; </subfield>
    <subfield code="c">22 cm . </subfield>
  </datafield>
  <datafield tag="520" ind1=" " ind2=" ">
    <subfield code="a">&#x300A;&#x378E;&#x378E;&#x300B;&#x662F;&#x65E5;&#x672C;&#x8457;&#x540D;&#x7ED8;&#x672C;&#x5927;&#x5E08;&#x5BAB;&#x897F;&#x8FBE;&#x4E5F;&#x521B;&#x4F5C;&#x7684;&#x4E00;&#x672C;&#x4F4E;&#x5E7C;&#x8BA4;&#x77E5;&#x56FE;&#x753B;&#x4E66;&#xFF0C;&#x4E13;&#x4E3A;&#x5E7C;&#x513F;&#x8BBE;&#x8BA1;&#x3002;&#x4E66;&#x4E2D;&#x901A;&#x8FC7;&#x7B80;&#x5355;&#x76F4;&#x767D;&#x7684;&#x6587;&#x5B57;&#x548C;&#x98CE;&#x8DA3;&#x6D3B;&#x6CFC;&#x7684;&#x63D2;&#x56FE;&#x4ECB;&#x7ECD;&#x4E0D;&#x540C;&#x52A8;&#x7269;&#x7684;**&#x201C;&#x378E;&#x378E;&#x201D; &#xFF08;&#x513F;&#x7AE5;&#x7528;&#x8BED;&#x8868;&#x793A;&#x4FBF;&#x4FBF;/&#x5C4E;&#x7C91;&#x7C91;&#xFF09;**&#x2014;&#x2014;&#x6709;&#x957F;&#x957F;&#x7684;&#x3001;&#x5706;&#x5706;&#x7684;&#x3001;&#x5927;&#x5927;&#x7684;&#x3001;&#x5C0F;&#x5C0F;&#x7684;&#xFF0C;&#x8FD8;&#x6709;&#x6DF7;&#x5408;&#x7740;&#x5C3F;&#x7684;&#x3002;

&#x901A;&#x8FC7;&#x5BF9;&#x5404;&#x79CD;&#x52A8;&#x7269;&#x7CAA;&#x4FBF;&#x5F62;&#x72B6;&#x548C;&#x8868;&#x73B0;&#x7684;&#x5E7D;&#x9ED8;&#x63CF;&#x7ED8;&#xFF0C;&#x5B69;&#x5B50;&#x4E0D;&#x4EC5;&#x80FD;&#x591F;&#x8BA4;&#x8BC6;&#x52A8;&#x7269;&#xFF0C;&#x8FD8;&#x53EF;&#x57F9;&#x517B;&#x5BF9;&#x5F62;&#x72B6;&#x3001;&#x4F53;&#x578B;&#x7B49;&#x8BA4;&#x77E5;&#x80FD;&#x529B;&#xFF0C;&#x540C;&#x65F6;&#x5728;&#x8F7B;&#x677E;&#x6709;&#x8DA3;&#x7684;&#x9605;&#x8BFB;&#x4E2D;&#x5B66;&#x4F1A;&#x826F;&#x597D;&#x7684;&#x751F;&#x6D3B;&#x4E60;&#x60EF;&#x3002;</subfield>
  </datafield>
  <datafield tag="942" ind1=" " ind2=" ">
    <subfield code="2">ddc</subfield>
    <subfield code="c">BOOK</subfield>
    <subfield code="n">0</subfield>
  </datafield>
  <datafield tag="999" ind1=" " ind2=" ">
    <subfield code="c">10100</subfield>
    <subfield code="d">10100</subfield>
  </datafield>
  <datafield tag="952" ind1=" " ind2=" ">
    <subfield code="0">0</subfield>
    <subfield code="1">0</subfield>
    <subfield code="2">ddc</subfield>
    <subfield code="4">0</subfield>
    <subfield code="7">0</subfield>
    <subfield code="8">REF</subfield>
    <subfield code="a">002</subfield>
    <subfield code="b">002</subfield>
    <subfield code="c">LSHTTP</subfield>
    <subfield code="d">2026-04-08</subfield>
    <subfield code="l">0</subfield>
    <subfield code="o">&#x5BAB;&#x897F;&#x8FBE;&#x4E5F;</subfield>
    <subfield code="p">2026-0472</subfield>
    <subfield code="r">2026-04-08 10:44:55</subfield>
    <subfield code="w">2026-04-08</subfield>
    <subfield code="y">BOOK</subfield>
  </datafield>
</record>
